• 首页
  • 本馆介绍
  • 公告通知
  • 最新文献
  • 馆藏检索
  • 电子资源
  • 读者导购
  • 参考咨询
  • 我的图书馆
  • 登录
  • 详细信息显示
  • 放入我的书架
  • 预约/预借图书
  • 作者相关作品
  • 分类相关作品
  • 丛书相关作品
  • 出版社相关作品

书目信息

  • 表格格式
  • 工作单格式
  • 卡片格式
题名:
食品添加剂应用技术
    
 
作者: 张守花 主编
分册:  
出版信息: 武汉   武汉理工大学出版社  2018.01
页数: 245页
开本: 26cm
丛书名:
单 册:
中图分类: TS202.3
科图分类:
主题词: 食品添加剂--高等职业教育--教材
电子资源:
ISBN: 978-7-5629-5608-2
000 00997nam0 2200229 450
001 897
005 20180926151843.79
010    @a978-7-5629-5608-2@dCNY36.00
100    @a20180513d2018 em y0chiy50 ea
101 0  @achi
102    @aCN@b420000
105    @ay z 000yy
200 1  @a食品添加剂应用技术@9shi pin tian jia ji ying yong ji shu@f张守花主编
210    @a武汉@c武汉理工大学出版社@d2018.01
215    @a245页@d26cm
300    @a高职高专食品类专业规划教材 基于学习平台建设的“互联网+”创新型教材
330    @a本书为“高职高专食品类专业规划教材”之一。全书系统、全面地论述了食品添加剂应用技术的基础理论知识和技能知识,全书共分为十一章,主要内容包括:食品添加剂概述、食品防腐剂、食品抗氧化剂、食品调色剂、食品增香剂、食品调味剂、食品调质剂、食品营养强化剂、食品加工助剂、其他食品添加剂及非法添加物等知识。
606 0  @a食品添加剂@x高等职业教育@j教材
690    @aTS202.3@v5
701  0 @a张守花@9zhang shou hua@4主编
801  0 @aCN@b91MARC@c20180513
905    @aMuseLib@dTS202.3@e268
    
    食品添加剂应用技术/张守花主编.-武汉:武汉理工大学出版社,2018.01
    245页;26cm
    高职高专食品类专业规划教材 基于学习平台建设的“互联网+”创新型教材
    
    ISBN 978-7-5629-5608-2:CNY36.00
    本书为“高职高专食品类专业规划教材”之一。全书系统、全面地论述了食品添加剂应用技术的基础理论知识和技能知识,全书共分为十一章,主要内容包括:食品添加剂概述、食品防腐剂、食品抗氧化剂、食品调色剂、食品增香剂、食品调味剂、食品调质剂、食品营养强化剂、食品加工助剂、其他食品添加剂及非法添加物等知识。
●
相关链接 在E读中查询图书 在五车中查询图书 在当当中查询图书 在豆瓣中查询图书


正题名:食品添加剂应用技术     索取号:TS202.3/268         预约/预借

序号 登录号 条形码 馆藏地/架位号 状态 备注
1 1120209   211202090   第二样本阅览室/ [索取号:TS202.3/268] 在馆    
2 1120210   211202107   第三借阅区/ [索取号:TS202.3/268] 在馆    
3 1120211   211202116   第三借阅区/ [索取号:TS202.3/268] 在馆    
4 1120212   211202125   第三借阅区/ [索取号:TS202.3/268] 在馆    
5 1120213   211202134   第三借阅区/ [索取号:TS202.3/268] 在馆    
唐山师范学院图书馆 欢迎您!
大连网信软件有限公司© 版权所有